000
00434nam a2200145Ia 4500
008
100204s9999 xx 000 0 und d
082
_b
162
100
_a
राजंकर यशवंत
245
_a
चण्डिमठ
260
_b
"विश्वमोहिनी प्रकाशन , पुणे"
_c
1978
300
_a
172
630
_a
चण्डिमठ
730
_a
चण्डिमठ
942
_c
BOOK
999
_c
445359
_d
445356